Regional and urban GIS: A decision support approach (Record no. 3723)

MARC details
000 -LEADER
fixed length control field 00391nam a22001337a 4500
008 - FIXED-LENGTH DATA ELEMENTS--GENERAL INFORMATION
fixed length control field 250602b |||||||| |||| 00| 0 eng d
020 ## - INTERNATIONAL STANDARD BOOK NUMBER
ISBN 9789353693009
245 ## - TITLE STATEMENT
Title Regional and urban GIS: A decision support approach
260 ## - PUBLICATION, DISTRIBUTION, ETC. (IMPRINT)
Place of publication new delhi
Name of publisher Random Publicatin
Date of publication 2019
300 ## - COLLATION
Pagination 302p
650 ## - TRACINGS
Main Subject Geography information system
Subdivision (1st) Geographical data
942 ## - ADDED ENTRY ELEMENTS (KOHA)
Item type Books
050 ## - LIBRARY OF CONGRESS CALL NUMBER
Classification number G 70.212
Item number .R44
Holdings
Source of classification or shelving scheme Not for loan Permanent location Current location Date acquired Accession No. Full call number Barcode. Koha item type
Library of Congress Classification   Samuel Ogbemudia Main Library, University of Abuja Samuel Ogbemudia Main Library, University of Abuja 06/02/2025 2025/64988 G 70.212 .R44 2025-2283 Books